Une histoire de l'astronomie

Salvato in:
Dettagli Bibliografici
Autore principale: Verdet, Jean-Pierre (Autore)
Natura: Libro
Lingua:francese
Pubblicazione: París Seuil 1990
Serie:Sciences, 62
Soggetti:
Tags: Aggiungi Tag
Nessun Tag, puoi essere il primo ad aggiungerne!!

MARC

LEADER 00000nam a2200000 a 4500
001 UCX3838
003 CL-VaPUC
008 920113e19900000FR |||||||||||||||||fre|d
082 0 4 |a 520.9  |b VER  |2 21 
100 0 |a Verdet, Jean-Pierre  |e author  |9 320051 
245 1 4 |a Une histoire de l'astronomie 
300 |a 380 p 
942 |c BK 
945 |d 19920113 00:00:00 
260 |a París  |b Seuil  |c 1990 
650 0 |a Astronomía   |v Historia   |9 320052 
583 |a last modification  |c 19920113 00:00:00  |k Rodrigo Vera 
490 0 |a Sciences, 62 
999 |c 224489  |d 224487 
952 |0 0  |1 0  |4 0  |6 520_900000000000000_VER_1990  |7 0  |8 A  |9 221168  |a BIBCUR  |b BIBCUR  |d 2019-11-15  |i 2899248  |o 520.9 VER 1990  |p 2899248  |r 2025-04-22  |w 2019-11-15  |y BK  |k FIS